| 000 | 00337nam a2200109Ia 4500 | ||
|---|---|---|---|
| 008 | 230320s9999||||xx |||||||||||||| ||spa|| | ||
| 082 | _a868.6/F81M | ||
| 100 | _aFrancia, Alfonso, 1937 | ||
| 245 | 0 | _aMe Enamoré De La Vida : Poemas Para Educar Y Evangelizar | |
| 260 | _bAsociación hispano-peruana. Animadores Siglo XXI | ||
| 942 |
_80 _cLIB |
||
| 999 |
_c47976 _d47976 |
||